| Tag |
First Indicator |
Second Indicator |
Subfields |
| LEADER |
00000pam a2200000 a 4500 |
| 001 |
in00000551321 |
| 005 |
20151014051647.0 |
| 008 |
831109s1984 nbu b s00110 eng |
| 010 |
|
|
|a 83023411
|
| 020 |
|
|
|a 0803210183 (alk. paper)
|
| 035 |
|
|
|a (OCoLC)10162792
|
| 035 |
|
|
|9 ACJ5505AM
|
| 039 |
0 |
|
|a 2
|b 3
|c 3
|d 3
|e 3
|
| 040 |
|
|
|a DLC
|c DLC
|d TXA
|d UtOrBLW
|
| 043 |
|
|
|a n-usm--
|a n-us---
|
| 049 |
|
|
|a TXAM
|
| 050 |
0 |
0 |
|a E99.D1
|b A48 1984
|
| 082 |
0 |
|
|a 977/.00497
|2 19
|
| 100 |
1 |
|
|a Anderson, Gary Clayton,
|d 1948-
|
| 245 |
1 |
0 |
|a Kinsmen of another kind :
|b Dakota-white relations in the upper Mississippi valley, 1650-1862 /
|c Gary Clayton Anderson.
|
| 264 |
|
1 |
|a Lincoln :
|b University of Nebraska Press,
|c [1984]
|
| 264 |
|
4 |
|c ©1984
|
| 300 |
|
|
|a xvi, 383 pages ;
|c 23 cm.
|
| 336 |
|
|
|a text
|b txt
|2 rdacontent
|
| 337 |
|
|
|a unmediated
|b n
|2 rdamedia
|
| 338 |
|
|
|a volume
|b nc
|2 rdacarrier
|
| 500 |
|
|
|a Includes index.
|
| 504 |
|
|
|a Bibliography: pages [349]-368.
|
| 650 |
|
0 |
|a Dakota Indians
|x History.
|
| 650 |
|
0 |
|a Dakota Indians
|x Government relations.
|
| 650 |
|
0 |
|a Indians of North America
|x Government relations.
|
| 651 |
|
0 |
|a Mississippi River Valley
|x Race relations.
|
| 999 |
|
|
|a MARS
|
| 999 |
f |
f |
|s cf05425c-3baf-3564-9cc7-adee79dabe3a
|i be3ffa12-b3bc-3366-9e37-b8d7b1989413
|t 0
|
| 952 |
f |
f |
|p normal
|a Texas A&M University
|b College Station
|c Sterling C. Evans Library
|d Evans: Library Stacks
|t 0
|e E99.D1 A48 1984
|h Library of Congress classification
|i unmediated -- volume
|m A14808930418
|
| 998 |
f |
f |
|a E99.D1 A48 1984
|t 0
|l Evans: Library Stacks
|